Quizzes
Events
Quiz Creation
Community
Videos
Private Events
Remove Ads
Sign In
Join for FREE
Feedback
Dark Mode
Quiz Categories
Sports
Geography
Music
Movies
Television
Just For Fun
Miscellaneous
History
Literature
Language
Science
Gaming
Entertainment
Religion
Holiday
For Kids
Quiz Lab
Recent
Popular Today
Quiz Kudos Today
Editor Picks
Curator Picks
Quizzes by...
Day
Popularity
Type
Ratings
Length
Year
Community
Subscriptions
Recent Discussions
Orange Saloon
Badges
Playlists
Quests
Create
Leaderboards
Showdown
Live 5
Trivia Bingo
Activity
Puzzle Library
Sporcle Events
Private Events
Virtual Trivia
Globe League
Become a Host
Pub Owners
SporcleCon
Opinionation
Our Games
Videos
Blog
Mobile Apps
Partnerships
Remove Ads and Go Orange
Feedback
Gaming
Video Games
Board Games
Card Games
Pokémon
Mario
Nintendo
Minecraft
Console
Toys
Legend of Zelda
Gaming
Video Games
Board Games
Card Games
Pokémon
Mario
Nintendo
Minecraft
Console
Toys
Legend of Zelda
Random Quiz
Search Sporcle
×
Quiz Lab
Quiz Lab
Gaming
Video Games
Type in answers that appear in a list
Type in answers that appear in a list
Classic
Best Score? Go Orange.
Video Game Protagonists Stats
Can you name the main protagonists from the given video games?
By
boromir
8m
50 Questions
164 Plays
164 Plays
164 Plays
Comments
Comments
Give Quiz Kudos
Give Quiz Kudos
-
- Ratings
hide this ad
More Info
Replay
Link that replays current quiz
Next Quiz
Link to next quiz in quiz playlist
You Got
0%
They Got
Avg Score
48%
Avg Friend Score
Upgrade to see
Score Distribution
Jump to the score distribution portion of the page
Score
0/50
Timer
08:00
0
Plays Today
Game
Answer
% Correct
The Legend of Zelda: Ocarina of Time
Link
95.1%
Halo: Combat Evolved
Master Chief
89.6%
Tomb Raider
Lara Croft
88.4%
God of War
Kratos
87.2%
Uncharted: Drake's Fortune
Nathan Drake
84.1%
Star Fox
Fox McCloud
84.1%
Metroid
Samus Aran
84.1%
Donkey Kong
Mario
81.7%
Half Life
Gordon Freeman
78.7%
Final Fantasy VII
Cloud Strife
78%
Littlebigplanet
Sackboy
76.8%
Devil May Cry
Dante
76.2%
Kingdom Hearts
Sora
72%
Hitman: Codename 47
Agent 47
70.7%
Portal
Chell
70.1%
Mass Effect
Commander Shepard
69.5%
Resident Evil 4
Leon Kennedy
67.7%
Assassin's Creed
Altair Ibn-La'Ahad
63.4%
Grand Theft Auto IV
Niko Bellic
61%
Gears of War
Marcus Fenix
60.4%
Red Dead Redemption
John Marston
59.1%
Castlevania
Simon Belmont
58.5%
Metal Gear Solid 2: Sons of Liberty
Raiden
57.3%
Splinter Cell
Sam Fisher
54.9%
The Secret of Monkey Island
Guybrush Threepwood
48.8%
Game
Answer
% Correct
Fire Emblem: Shadow Dragon and the Blade of Light
Marth
47.6%
Final Fantasy X
Tidus
46.3%
Mirror's Edge
Faith Connors
45.7%
Ninja Gaiden
Ryu Hayabusa
45.1%
Grim Fandango
Manuel 'Manny' Calavera
42.7%
Dead Space
Isaac Clarke
42.1%
Bioshock
Jack
38.4%
Perfect Dark
Joanna Dark
36.6%
Star Wars: Knight of the Old Republic
Darth Revan
35.4%
No More Heroes
Travis Touchdown
33.5%
Shadow of the Colossus
Wander
32.3%
Planescape: Torment
The Nameless One
22.6%
Fable II
Sparrow
22.6%
Silent Hill 2
James Sunderland
21.3%
Deadly Premonition
Francis York Morgan/Zach
14.6%
Destroy All Humans!
Cryptosporidium
14%
Timesplitters Future Perfect
Cortez
13.4%
Hotel Dusk: Room 215
Kyle Hyde
13.4%
Crysis 2
Alcatraz
12.8%
Wet
Rubi Malone
12.8%
Condemned: Criminal Origins
Ethan Thomas
7.9%
Phantasy Star II
Rolf
6.7%
Another Code: Two Memories
Ashley Mizuki Robbins
6.7%
Shining Force: The Legacy of the Gods
Max
5.5%
Lux Pain
Atsuki Saijo
4.9%
Quiz Playlist
Details
Report
Send in Message
Add To Playlist
More Info:
The answers are the main protagonists of the game. When a game has two or more playable characters, it is the primary character.
Classic:
Type in answers that appear in a list
Last Updated: Feb 16, 2017
Quiz Scoreboard
CHALLENGE
Sign Up to Join the Scoreboard
Show All
Scores
Hide
Comments
May contain spoilers
Recently Published
TV Characters by Other Roles V
by ghcgh
Television
5m
Decade Duel: World Leaders
by jenniferyan
History
4m
Alphabetical 'K' Countries by Flag Minefield
by ylime102
Geography
3m
More to Explore
Quiz From the Vault
Featured Blog Post
15 Basketball Trivia Facts You Can Be March Mad About
hide this ad
You Might Also Like...
Tags
Video Games Quiz
Character
protagonist
Today's Top Quizzes in Gaming
Browse Gaming
hide this ad
Today's Top Quizzes in Video Games
Browse Video Games
Top Contributed Quizzes in Gaming
1
Pokémon Gen IV Logic Puzzle (HARD)
2
HARD Pokemon Logic Puzzle
3
Genshin Impact Logic Puzzle
4
Honkai: Star Rail Technique Names Quiz
5
Rainbow Six Siege Operators by Picture
6
Order Genshin Impact characters by release date!
7
The Slinky Quiz
8
Magic: the Gathering Set Symbols - LCI
9
Mega Man or Metal Gear
10
Honkai Star Rail Feet v1.6
Explore More
Trending Topics
Marvel
NBA
Kpop
Disney
Anime
Harry Potter
Crossword
WWE
Song
Soccer
Pokémon
NFL
The Office
Puzzle
Country
hide this ad
More By:
boromir
Quiz
Plays
Rating
Category
Featured
Created
Planet Rock's Top 100 Rock Songs
4,927
4.65
Music
Jun 23, 2014
5 Star Actors-Star Wars
2,059
4.14
Movies
Mar 14, 2014
30 in 60: Anime Characters
2,032
2.50
Television
Mar 7, 2015
30 in 60: Rock Albums
1,945
4.45
Music
Jan 9, 2015
5 Star Sci Fi Movies
1,657
3.90
Movies
Jun 2, 2014
Go to Creator's Profile
Score Distribution
Quiz Creator Spotlight
boromir
Follow
Send a Message
Quizzes Created
-
Created Quiz Play Count
-
More By This Creator
Popular Quizzes Today
1
Countries of Asia Without Outlines Minefield
2
Find the US States - No Outlines Minefield
3
Pick 6: Fruits
4
The Countries of the World
5
Alphabetical 'K' Countries by Flag Minefield
6
Find the Countries of Europe - No Outlines Minefield
7
US States
8
Find the US States
More Gaming Quizzes
Anything but the Picture: Gaming
Published
Trending Quizzes
Pick 6: Mountains
Pick 6: Harry Potter
Pick 6: Flags
Pick 6: NFL Teams
Pick 6: Movie Franchises
Recently Updated
Adaptations: Name the Title
pecheneg
NWSL Teams
pecheneg
Women's Final Four Teams by Year
bhenderson79
Presidents Quartet II
eogle
Anything But Clue(do)
eogle
Anything But Oceanian Capitals
eogle
Anything But 7
eogle
Anything But Thing
eogle
Word Ladder: February 29
pecheneg
Song Title Questions
pecheneg
Trending Topics
Anime
NBA
Disney
Marvel
Crossword
Kpop
Harry Potter
WWE
Soccer
The Office
Pokémon
Puzzle
Song
NFL
Country
Your Account Isn't Verified!
In order to create a playlist on Sporcle, you need to verify the email address you used during registration. Go to your
Sporcle Settings
to finish the process.
Report this User
Report this user for behavior that violates our
Community Guidelines
.
Details:
Send Report
Go to the Sporcle.com Mobile Site →
Comments